LEADER 01472cam0 22003011 450 001 SOBE00064786 005 20201110104549.0 010 $a9788808063793 100 $a20201110d2010 |||||ita|0103 ba 101 $aita 102 $aIT 200 1 $aManuale del diritto privato$fAlfredo Galasso, Giuseppa Palmeri 210 $aBologna$cZanichelli$d2009 215 $aXXXVI, 1017 p.$d24 cm$e1 CD-ROM. 676 $a346.001$v20$3SOBA00019613 700 1$aGalasso$b, Alfredo$3AF00006219$4070$0127620 701 1$aPalmeri, Giuseppa$3A600200028302$4070$0262672 801 0$aIT$bUNISOB$c20201110$gRICA 850 $aUNISOB 852 $aUNISOB$jFondo|Recepl$m172264 852 $aUNISOB$jFondo|Recepl|CD$m172264. 912 $aSOBE00064786 940 $aM 102 Monografia moderna SBN 941 $aM 957 $aFondo|Recepl$b000015$gCON$d172264$n20200211$hReCEPL$rdono$tN$1petrellap$2UNISOB$3UNISOB$420201110103514.0$520201110103839.0$6petrellap$fConsultabile presso il Centro di ricerca di diritto privato europeo (ReCEPL); modalità di consultazione sulla home page della Biblioteca link Fondi. 957 $aFondo|Recepl|CD$b000001$gCON$d172264.$n20200211$hReCEPL$rdono$tN$1petrellap$2UNISOB$3UNISOB$420201110104426.0$520201110104549.0$6petrellap$fConsultabile presso il Centro di ricerca di diritto privato europeo (ReCEPL); modalità di consultazione sulla home page della Biblioteca link Fondi. 996 $aManuale del diritto privato$91760978 997 $aUNISOB LEADER 02793nam 2200565Ia 450 001 9911020120903321 005 20260227114225.0 010 $a9786610921768 010 $a9781280921766 010 $a1280921765 010 $a9783527611119 010 $a3527611118 010 $a9783527611126 010 $a3527611126 035 $a(CKB)1000000000376067 035 $a(EBL)482378 035 $a(OCoLC)173767478 035 $a(SSID)ssj0000239975 035 $a(PQKBManifestationID)11174143 035 $a(PQKBTitleCode)TC0000239975 035 $a(PQKBWorkID)10250513 035 $a(PQKB)10123955 035 $a(MiAaPQ)EBC482378 035 $a(Perlego)2774260 035 $a(EXLCZ)991000000000376067 100 $a20041013d2007 uy 0 101 0 $aeng 135 $aur|n|---||||| 181 $ctxt$2rdacontent 182 $cc$2rdamedia 183 $acr$2rdacarrier 200 10$aRules of thumb in engineering practice /$fDonald R. Woods 210 1$aWeinheim :$cWiley-VCH,$d[2007] 215 $a1 online resource (480 pages) 300 $aIncludes index. 311 08$a9783527312207 311 08$a352731220X 330 8 $aAn immense treasure trove containing hundreds of equipment symptoms, arranged so as to allow swift identification and elimination of the causes. These rules of thumb are the result of preserving and structuring the immense knowledge of experienced engineers collected and compiled by the author - an experienced engineer himself - into an invaluable book that helps younger engineers find their way from symptoms to causes. This sourcebook is unrivalled in its depth and breadth of coverage, listing five important aspects for each piece of equipment: * area of application * sizing guidelines * capital cost including difficult-to-find installation factors * principles of good practice, and * good approaches to troubleshooting. Extensive cross-referencing takes into account that some items of equipment are used for many different purposes, and covers not only the most familiar types, but special care has been taken to also include less common ones. Consistent terminology and SI units are used throughout the book, while a detailed index quickly and reliably directs readers, thus aiding engineers in their everyday work at chemical plants: from keywords to solutions in a matter of minutes. 606 $aEngineering$xMethodology 606 $aCivil engineering$xVocational guidance 615 0$aEngineering$xMethodology. 615 0$aCivil engineering$xVocational guidance. 700 $aWoods$b Donald R$0102565 801 0$bMiAaPQ 801 1$bMiAaPQ 801 2$bMiAaPQ 906 $aBOOK 912 $a9911020120903321 996 $aRules of thumb in engineering practice$94416908 997 $aUNINA